书目信息 |
| 题名: |
HCIP-Datacom-Core Technology学习指南
|
|
| 作者: | 田果 , 刘丹宁 主编 ;华为技术公司 主编 | |
| 分册: | ||
| 出版信息: | 北京 人民邮电出版社 2024.12 |
|
| 页数: | 548页 | |
| 开本: | 26cm | |
| 丛书名: | 华为ICT认证系列丛书 | |
| 单 册: | ||
| 中图分类: | TP393.18-62 | |
| 科图分类: | ||
| 主题词: | 企业内联网--qi ye nei lian wang--指南 | |
| 电子资源: | ||
| ISBN: | 978-7-115-64934-8 | |
| 000 | 01384nam 2200301 450 | |
| 001 | 90314 | |
| 005 | 20250815161650.50 | |
| 010 | @a978-7-115-64934-8@dCNY179.80 | |
| 100 | @a20250208d2024 em y0chiy50 ea | |
| 101 | 0 | @achi |
| 102 | @aCN@b110000 | |
| 105 | @aa z 000yy | |
| 106 | @ar | |
| 200 | 1 | @aHCIP-Datacom-Core Technology学习指南@AHCIP-Datacom-Core Technology xue xi zhi nan@f华为技术有限公司主编 |
| 210 | @a北京@c人民邮电出版社@d2024.12 | |
| 215 | @a548页@c图@d26cm | |
| 225 | 2 | @a华为ICT认证系列丛书@Ahua wei ICT ren zheng xi lie cong shu |
| 300 | @a工信知识赋能工程 信通社区 | |
| 314 | @a书内题: 田果, 刘丹宁主编 | |
| 330 | @a本书是华为HCIP-Datacom认证官方学习指南, 分为路由基础, OSPF核心技术, IS-IS原理与配置, BGP基础, BGP路径属性、路由反射器与路由优选, BGPEVPN基础, 路由控制与路由策略, 交换技术核心知识, IP组播基础, IPv6技术, 网络安全基础, 网络可靠性, 网络服务与管理, 大型WLAN组网部署及企业数通解决方案概述, 共15章。各章均按照华为认证大纲对相关技术和解决方案的要求, 对其涉及的技术原理、应用和配置进行介绍。 | |
| 410 | 0 | @12001 @a华为ICT认证系列丛书 |
| 606 | 0 | @a企业内联网@Aqi ye nei lian wang@j指南 |
| 690 | @aTP393.18-62@v5 | |
| 701 | 0 | @a田果@Atian guo@4主编 |
| 701 | 0 | @a刘丹宁@Aliu dan ning@4主编 |
| 711 | 02 | @a华为技术公司@Ahua wei ji shu you xian gong si@4主编 |
| 801 | 0 | @aCN@c20250909 |
| 905 | @a河南城建学院图书馆@dTP393.18-62@eT616@f1 | |
| HCIP-Datacom-Core Technology学习指南/华为技术有限公司主编.-北京:人民邮电出版社,2024.12 |
| 548页:图;26cm.-(华为ICT认证系列丛书) |
| 工信知识赋能工程 信通社区 |
| ISBN 978-7-115-64934-8:CNY179.80 |
| 本书是华为HCIP-Datacom认证官方学习指南, 分为路由基础, OSPF核心技术, IS-IS原理与配置, BGP基础, BGP路径属性、路由反射器与路由优选, BGPEVPN基础, 路由控制与路由策略, 交换技术核心知识, IP组播基础, IPv6技术, 网络安全基础, 网络可靠性, 网络服务与管理, 大型WLAN组网部署及企业数通解决方案概述, 共15章。各章均按照华为认证大纲对相关技术和解决方案的要求, 对其涉及的技术原理、应用和配置进行介绍。 |
| ● |
| 相关链接 |
|
|
|
正题名:HCIP-Datacom-Core Technology学习指南
索取号:TP393.18-62/T616
 
预约/预借
| 序号 | 登录号 | 条形码 | 馆藏地/架位号 | 状态 | 备注 |
| 1 | 1624276 | 216242769 | 自科库301/301自科库 133排1列3层/ [索取号:TP393.18-62/T616] | 在馆 |